000 01114 a2200217 4500
003 Nust
005 20230704125511.0
010 _a 72086159
020 _a0818500700
040 _cNust
082 0 0 _a510,WHE
100 1 _aWheeler, Ruric E.,
_9113301
245 1 0 _aModern mathematics :
_ban elementary approach /
_cRuric E. Wheeler.
250 _a3rd ed.
260 _aMonterey, Calif.,
_bBrooks/Cole Pub. Co.
_c[1973]
300 _a668 p.
_billus.
_c25 cm.
490 0 _aContemporary undergraduate mathematics series
505 _aLogic and an Introduction to Mathematical Reasoning (Page-1), Sets and Relations (Page-39), The System of Whole Numbers (Page-79), Numeration Systems (Page-121), The System of Integers (Page-203), Fractions and Rational Numbers (Page-241), Decimals and Real Numbers (Page-295), Informal Nonmetric Geometry (Page-333), Informal Metric Geometry (Page-367), Concepts of Probability (Page-461), Introduction to Statistics (Page-461), Mathematical Systems (Page-513), Algebra and Geometry (Page-541), Bibliography (Page-585).
650 0 _aMathematics.
942 _2ddc
_cBKB
999 _c180223
_d180223